[Event "OEISM 0818 BLMM"]
[Site "austriablmm"]
[Date "2020.12.12"]
[Round "1"]
[White "Blumenlaus"]
[Black "Moritz_Pernerstorfer"]
[Result "1-0"]
[WhiteElo "1799"]
[BlackElo "1635"]
[Annotator "NA RC"]
[PlyCount "67"]
[EventDate "2020.12.12"]
[EventType "blitz"]

1. d4 {[%emt 0:00:03]} Nf6 {[%emt 0:00:07]} 2. c4 {[%emt 0:00:02]} b6 {[%emt 0:00:11]} 3. Nf3 {[%emt 0:00:20]} Bb7 {[%emt 0:00:04]} 4. g3 {[%emt 0:00:01]} e6 {[%emt 0:00:06]} 5. Bg2 {[%emt 0:00:04]} Be7 {[%emt 0:00:07]} 6. O-O {[%emt 0:00:03]} O-O {[%emt 0:00:03]} 7. Nc3 {[%emt 0:00:03]} d5 {[%emt 0:00:34]} 8. b3 {[%emt 0:00:22]} c5 {[%emt 0:01:01]} 9. Ne5 {[%emt 0:00:41]} cxd4 {[%emt 0:01:57]} 10. Qxd4 {[%emt 0:00:29]} Bc5 {[%emt 0:00:22]} 11. Qd2 {[%emt 0:00:33]} Qc7 {[%emt 0:00:15]} 12. Bb2 {[%emt 0:00:29]} dxc4 {[%emt 0:01:23]} 13. Bxb7 {[%emt 0:01:14]} Qxb7 {[%emt 0:00:05]} 14. Nxc4 {[%emt 0:00:04]} Nc6 {[%emt 0:00:11]} 15. Qg5 {[%emt 0:00:31]} h6 {[%emt 0:00:21]} 16. Qf4 {[%emt 0:00:26]} Rad8 {[%emt 0:00:31]} 17. Rad1 {[%emt 0:00:14]} Qb8 {[%emt 0:01:06] Moritz_Pernerstorfer offers a draw} 18. Qxb8 {[%emt 0:00:38]} Rxb8 {[%emt 0:00:33]} 19. Nb5 {[%emt 0:00:12]} a6 {[%emt 0:00:45]} 20. Nc7 {[%emt 0:00:06]} a5 {[%emt 0:00:52]} 21. Na6 {[%emt 0:00:08]} Be7 {[%emt 0:00:23]} 22. Nxb8 {[%emt 0:00:02]} Nxb8 {[%emt 0:00:02]} 23. Nxb6 {[%emt 0:00:02]} Rd8 {[%emt 0:00:05]} 24. Rxd8+ {[%emt 0:00:05]} Bxd8 {[%emt 0:00:00]} 25. Nc4 {[%emt 0:00:01]} Nc6 {[%emt 0:00:02]} 26. Rd1 {[%emt 0:00:02]} Kf8 {[%emt 0:00:04]} 27. Ba3+ {[%emt 0:00:06]} Be7 {[%emt 0:00:07]} 28. Bxe7+ {[%emt 0:00:12]} Kxe7 {[%emt 0:00:00]} 29. Rd6 {[%emt 0:00:08]} Ne5 {[%emt 0:00:06]} 30. Ra6 {[%emt 0:00:05]} Nxc4 {[%emt 0:00:03]} 31. bxc4 {[%emt 0:00:01]} Ne4 {[%emt 0:00:01]} 32. Rxa5 {[%emt 0:00:01]} Nd2 {[%emt 0:00:03]} 33. c5 {[%emt 0:00:03]} Kd7 {[%emt 0:00:02]} 34. Ra7+ {[%emt 0:00:02] Moritz_Pernerstorfer resigns} 1-0

[Event "OEISM 0818 BLMM"]
[Site "austriablmm"]
[Date "2020.12.12"]
[Round "1"]
[White "Johnny Johnson"]
[Black "Kriasi"]
[Result "0-1"]
[WhiteElo "1795"]
[BlackElo "1760"]
[Annotator "NA RC"]
[PlyCount "86"]
[EventDate "2020.12.12"]
[EventType "blitz"]

1. d4 {[%emt 0:00:03]} Nf6 {[%emt 0:00:02]} 2. Bf4 {[%emt 0:00:02]} d5 {[%emt 0:00:04]} 3. e3 {[%emt 0:00:02]} e6 {[%emt 0:00:02]} 4. c3 {[%emt 0:00:09]} c5 {[%emt 0:00:02]} 5. Nf3 {[%emt 0:00:09]} Bd6 {[%emt 0:00:02]} 6. Bxd6 {[%emt 0:00:11]} Qxd6 {[%emt 0:00:03]} 7. Nbd2 {[%emt 0:00:03]} O-O {[%emt 0:00:03]} 8. Ne5 {[%emt 0:00:03]} Nfd7 {[%emt 0:00:43]} 9. Ndf3 {[%emt 0:00:36]} Nc6 {[%emt 0:00:12]} 10. Nxd7 {[%emt 0:00:10]} Bxd7 {[%emt 0:00:00]} 11. Bd3 {[%emt 0:00:04]} cxd4 {[%emt 0:00:52]} 12. exd4 {[%emt 0:00:05]} Ne7 {[%emt 0:00:02]} 13. Qc2 {[%emt 0:01:05]} h6 {[%emt 0:00:52]} 14. O-O {[%emt 0:00:14]} Rac8 {[%emt 0:00:22]} 15. Qe2 {[%emt 0:01:11]} a6 {[%emt 0:00:28]} 16. Ne5 {[%emt 0:00:16]} b5 {[%emt 0:01:18]} 17. f4 {[%emt 0:00:48]} Rb8 {[%emt 0:01:01]} 18. Rf3 {[%emt 0:00:49]} f6 {[%emt 0:01:13]} 19. Ng6 {[%emt 0:00:52]} Nxg6 {[%emt 0:00:47]} 20. Bxg6 {[%emt 0:00:00]} Be8 {[%emt 0:00:02]} 21. Bd3 {[%emt 0:00:29]} Bh5 {[%emt 0:00:10]} 22. Re1 {[%emt 0:00:54]} Rbe8 {[%emt 0:00:27]} 23. Bc2 {[%emt 0:00:47]} Bxf3 {[%emt 0:00:09]} 24. Qxf3 {[%emt 0:00:02]} e5 {[%emt 0:00:09]} 25. Qd3 {[%emt 0:00:13]} e4 {[%emt 0:00:04]} 26. Qe3 {[%emt 0:00:03]} f5 {[%emt 0:00:06]} 27. g3 {[%emt 0:00:16]} a5 {[%emt 0:00:10]} 28. Bd1 {[%emt 0:00:10]} Rc8 {[%emt 0:00:08]} 29. Be2 {[%emt 0:00:03]} b4 {[%emt 0:00:04]} 30. cxb4 {[%emt 0:00:11]} axb4 {[%emt 0:00:00]} 31. Qb3 {[%emt 0:00:01]} Kh8 {[%emt 0:00:28]} 32. Kf2 {[%emt 0:00:27]} Rfd8 {[%emt 0:00:05]} 33. Ke3 {[%emt 0:00:03]} Rc7 {[%emt 0:00:12]} 34. h3 {[%emt 0:00:09]} Rdc8 {[%emt 0:00:12]} 35. Qa4 {[%emt 0:00:38]} g5 {[%emt 0:00:29]} 36. h4 {[%emt 0:00:17]} gxf4+ {[%emt 0:00:06]} 37. gxf4 {[%emt 0:00:00]} Rg8 {[%emt 0:00:01]} 38. Rf1 {[%emt 0:00:12]} Rg3+ {[%emt 0:00:11]} 39. Kd2 {[%emt 0:00:01]} Qc6 {[%emt 0:00:10]} 40. Qxc6 {[%emt 0:00:03]} Rxc6 {[%emt 0:00:00]} 41. h5 {[%emt 0:00:04]} Rg2 {[%emt 0:00:03]} 42. Ke3 {[%emt 0:00:02]} Rc2 {[%emt 0:00:05]} 43. Bb5 {[%emt 0:00:02]} Rg3+ {[%emt 0:00:03] Johnny Johnson resigns} 0-1

[Event "OEISM 0818 BLMM"]
[Site "austriablmm"]
[Date "2020.12.12"]
[Round "1"]
[White "Magdalena_m"]
[Black "David04"]
[Result "0-1"]
[WhiteElo "1765"]
[BlackElo "2021"]
[Annotator "NA RC"]
[PlyCount "58"]
[EventDate "2020.12.12"]
[EventType "blitz"]

1. e4 {[%emt 0:00:02]} c5 {[%emt 0:00:02]} 2. Nf3 {[%emt 0:00:03]} d6 {[%emt 0:00:01]} 3. d4 {[%emt 0:00:14]} Nf6 {[%emt 0:00:08]} 4. Nc3 {[%emt 0:00:08]} cxd4 {[%emt 0:00:03]} 5. Qxd4 {[%emt 0:00:03]} Nc6 {[%emt 0:00:04]} 6. Bb5 {[%emt 0:00:03]} Bd7 {[%emt 0:00:01]} 7. Bxc6 {[%emt 0:00:02]} Bxc6 {[%emt 0:00:00]} 8. Bg5 {[%emt 0:00:02]} e6 {[%emt 0:00:01]} 9. O-O-O {[%emt 0:00:02]} Be7 {[%emt 0:00:09]} 10. Rhe1 {[%emt 0:00:02]} h6 {[%emt 0:00:35]} 11. Bh4 {[%emt 0:00:25]} Qa5 {[%emt 0:00:07]} 12. Kb1 {[%emt 0:00:50]} Rd8 {[%emt 0:00:47]} 13. Nd2 {[%emt 0:00:31]} O-O {[%emt 0:00:09]} 14. Nb3 {[%emt 0:00:10]} Qh5 {[%emt 0:00:34]} 15. Bg3 {[%emt 0:00:16]} a6 {[%emt 0:00:14]} 16. Qd2 {[%emt 0:00:25]} b5 {[%emt 0:00:14]} 17. Nd4 {[%emt 0:00:08]} Bb7 {[%emt 0:00:05]} 18. Qe2 {[%emt 0:00:19]} Qxe2 {[%emt 0:00:09]} 19. Rxe2 {[%emt 0:00:14]} b4 {[%emt 0:00:21]} 20. Na4 {[%emt 0:00:12]} Nxe4 {[%emt 0:00:06]} 21. f3 {[%emt 0:00:24]} Nxg3 {[%emt 0:00:17]} 22. hxg3 {[%emt 0:00:00]} Bf6 {[%emt 0:00:04]} 23. Nb6 {[%emt 0:00:34]} d5 {[%emt 0:00:11]} 24. Nb3 {[%emt 0:00:11]} Bc6 {[%emt 0:00:44]} 25. Nc5 {[%emt 0:00:18]} Bb5 {[%emt 0:00:15]} 26. Red2 {[%emt 0:00:11]} Be7 {[%emt 0:00:18]} 27. Nba4 {[%emt 0:00:32]} Rc8 {[%emt 0:00:11]} 28. c4 {[%emt 0:00:43]} bxc3 {[%emt 0:00:20]} 29. Nxc3 {[%emt 0:00:11]} Rxc5 {[%emt 0:00:05] Magdalena_m gibt auf (Lag: Av=1.18s, max=2.3s)} 0-1

[Event "OEISM 0818 BLMM"]
[Site "austriablmm"]
[Date "2020.12.12"]
[Round "1"]
[White "Schaf2009"]
[Black "Viktor09"]
[Result "1-0"]
[WhiteElo "1765"]
[BlackElo "1704"]
[Annotator "NA RC"]
[PlyCount "97"]
[EventDate "2020.12.12"]
[EventType "blitz"]

1. d4 {[%emt 0:00:06]} Nf6 {[%emt 0:00:02]} 2. Bf4 {[%emt 0:00:04]} g6 {[%emt 0:00:01]} 3. e3 {[%emt 0:00:11]} Bg7 {[%emt 0:00:04]} 4. c4 {[%emt 0:00:03]} d6 {[%emt 0:00:05]} 5. Nf3 {[%emt 0:00:06]} Nc6 {[%emt 0:00:03]} 6. Nc3 {[%emt 0:00:05]} Nd7 {[%emt 0:00:02]} 7. Be2 {[%emt 0:00:11]} O-O {[%emt 0:00:04]} 8. O-O {[%emt 0:00:10]} Qe8 {[%emt 0:00:13]} 9. Nd5 {[%emt 0:00:30]} Qd8 {[%emt 0:00:10]} 10. a3 {[%emt 0:00:11]} e5 {[%emt 0:00:03]} 11. Bg3 {[%emt 0:00:33]} e4 {[%emt 0:00:39]} 12. Nd2 {[%emt 0:00:12]} f5 {[%emt 0:00:05]} 13. b4 {[%emt 0:00:39]} Nf6 {[%emt 0:00:39]} 14. Nc3 {[%emt 0:00:31]} g5 {[%emt 0:00:27]} 15. f4 {[%emt 0:01:04]} g4 {[%emt 0:00:10]} 16. Qb3 {[%emt 0:00:25]} Kh8 {[%emt 0:00:25]} 17. Bh4 {[%emt 0:00:12]} Qe8 {[%emt 0:00:29]} 18. Nb5 {[%emt 0:00:33]} Qe7 {[%emt 0:00:28]} 19. Rf2 {[%emt 0:00:23]} a6 {[%emt 0:00:20]} 20. Nc3 {[%emt 0:00:09]} Qf7 {[%emt 0:00:10]} 21. Rc1 {[%emt 0:00:23]} Ne7 {[%emt 0:00:43]} 22. Bf1 {[%emt 0:00:32]} Ng6 {[%emt 0:00:08]} 23. Bxf6 {[%emt 0:00:05]} Bxf6 {[%emt 0:00:02]} 24. c5 {[%emt 0:00:19]} dxc5 {[%emt 0:00:35]} 25. Qxf7 {[%emt 0:00:20]} Rxf7 {[%emt 0:00:04]} 26. bxc5 {[%emt 0:00:07]} Bd7 {[%emt 0:00:08]} 27. Nd5 {[%emt 0:00:10]} Rc8 {[%emt 0:00:20]} 28. Bc4 {[%emt 0:00:05]} Rff8 {[%emt 0:00:05]} 29. Rb1 {[%emt 0:00:11]} Bc6 {[%emt 0:00:34]} 30. Rb2 {[%emt 0:00:16]} Bxd5 {[%emt 0:00:13]} 31. Bxd5 {[%emt 0:00:00]} c6 {[%emt 0:00:02]} 32. Bc4 {[%emt 0:00:19]} Rb8 {[%emt 0:00:07]} 33. Rf1 {[%emt 0:00:04]} b5 {[%emt 0:00:12]} 34. cxb6 {[%emt 0:00:03]} c5 {[%emt 0:00:00]} 35. Nb3 {[%emt 0:00:47]} Rxb6 {[%emt 0:00:11]} 36. dxc5 {[%emt 0:00:18]} Bxb2 {[%emt 0:00:16]} 37. cxb6 {[%emt 0:00:03]} Bxa3 {[%emt 0:00:01]} 38. Bxa6 {[%emt 0:00:05]} Rb8 {[%emt 0:00:06]} 39. b7 {[%emt 0:00:05]} Ne7 {[%emt 0:00:02]} 40. Rb1 {[%emt 0:00:07]} Nd5 {[%emt 0:00:04]} 41. Nd4 {[%emt 0:00:03]} Ne7 {[%emt 0:00:10]} 42. Rb3 {[%emt 0:00:06]} Bc5 {[%emt 0:00:02]} 43. Ne6 {[%emt 0:00:08]} Bd6 {[%emt 0:00:08]} 44. Rb6 {[%emt 0:00:10]} Ba3 {[%emt 0:00:17]} 45. Kf2 {[%emt 0:00:06]} Kg8 {[%emt 0:00:07]} 46. Bc4 {[%emt 0:00:05]} Kh8 {[%emt 0:00:08]} 47. Nc7 {[%emt 0:00:02]} Bc5 {[%emt 0:00:42]} 48. Rb5 {[%emt 0:00:07]} Ba7 {[%emt 0:00:13]} 49. Na6 {[%emt 0:00:04] Viktor09 resigns} 1-0

[Event "OEISM 0818 BLMM"]
[Site "austriablmm"]
[Date "2020.12.12"]
[Round "1"]
[White "EdiRaber"]
[Black "Luroe12"]
[Result "1-0"]
[WhiteElo "1735"]
[BlackElo "1507"]
[Annotator "NA RC"]
[PlyCount "107"]
[EventDate "2020.12.12"]
[EventType "blitz"]

1. e4 {[%emt 0:00:03]} e5 {[%emt 0:00:02]} 2. Nf3 {[%emt 0:00:02]} Nc6 {[%emt 0:00:02]} 3. Bc4 {[%emt 0:00:03]} Bc5 {[%emt 0:00:02]} 4. d3 {[%emt 0:00:02]} Nf6 {[%emt 0:00:03]} 5. Bg5 {[%emt 0:00:03]} h6 {[%emt 0:00:04]} 6. Bh4 {[%emt 0:00:02]} O-O {[%emt 0:00:07]} 7. Nc3 {[%emt 0:00:06]} d6 {[%emt 0:00:04]} 8. Nd5 {[%emt 0:00:08]} Kh8 {[%emt 0:00:07]} 9. O-O {[%emt 0:00:13]} Qe8 {[%emt 0:00:07]} 10. Nxf6 {[%emt 0:00:03]} gxf6 {[%emt 0:00:02]} 11. Bxf6+ {[%emt 0:00:01]} Kg8 {[%emt 0:00:04]} 12. Nh4 {[%emt 0:00:06]} Kh7 {[%emt 0:00:34]} 13. Qh5 {[%emt 0:00:14]} Rg8 {[%emt 0:00:12]} 14. Bxf7 {[%emt 0:00:08]} Qf8 {[%emt 0:00:11]} 15. Bxg8+ {[%emt 0:00:02]} Qxg8 {[%emt 0:00:05]} 16. Nf5 {[%emt 0:00:05]} Bxf5 {[%emt 0:00:07]} 17. Qxf5+ {[%emt 0:00:03]} Qg6 {[%emt 0:00:04]} 18. Qd7+ {[%emt 0:00:16]} Kg8 {[%emt 0:00:12]} 19. Qe6+ {[%emt 0:00:02]} Qf7 {[%emt 0:00:04]} 20. Qg4+ {[%emt 0:00:07]} Kf8 {[%emt 0:00:10]} 21. Bh4 {[%emt 0:00:05]} h5 {[%emt 0:00:11]} 22. Qf5 {[%emt 0:00:07]} Qxf5 {[%emt 0:00:04]} 23. exf5 {[%emt 0:00:00]} Nd4 {[%emt 0:00:06]} 24. c3 {[%emt 0:00:09]} Nxf5 {[%emt 0:00:07]} 25. Bg3 {[%emt 0:00:03]} h4 {[%emt 0:00:11]} 26. Kh1 {[%emt 0:00:07]} hxg3 {[%emt 0:00:04]} 27. fxg3 {[%emt 0:00:01]} Kg7 {[%emt 0:00:47]} 28. Rxf5 {[%emt 0:00:03]} Rh8 {[%emt 0:00:15]} 29. h4 {[%emt 0:00:05]} Kg6 {[%emt 0:00:08]} 30. Raf1 {[%emt 0:00:04]} Kh7 {[%emt 0:00:17]} 31. Rh5+ {[%emt 0:00:05]} Kg8 {[%emt 0:00:02]} 32. Rxh8+ {[%emt 0:00:02]} Kxh8 {[%emt 0:00:01]} 33. Rf7 {[%emt 0:00:01]} Kg8 {[%emt 0:00:02]} 34. Rxc7 {[%emt 0:00:02]} b6 {[%emt 0:00:03]} 35. Rxa7 {[%emt 0:00:02]} b5 {[%emt 0:00:05]} 36. Ra8+ {[%emt 0:00:03]} Kf7 {[%emt 0:00:02]} 37. Rc8 {[%emt 0:00:07]} Bb6 {[%emt 0:00:04]} 38. Rc6 {[%emt 0:00:04]} Ba7 {[%emt 0:00:04]} 39. Rc7+ {[%emt 0:00:02]} Ke6 {[%emt 0:00:04]} 40. Rxa7 {[%emt 0:00:01]} Kf5 {[%emt 0:00:03]} 41. h5 {[%emt 0:00:01]} e4 {[%emt 0:00:02]} 42. dxe4+ {[%emt 0:00:02]} Kxe4 {[%emt 0:00:01]} 43. h6 {[%emt 0:00:02]} d5 {[%emt 0:00:01]} 44. h7 {[%emt 0:00:02]} b4 {[%emt 0:00:02]} 45. h8=Q {[%emt 0:00:04]} bxc3 {[%emt 0:00:02]} 46. Qxc3 {[%emt 0:00:01]} d4 {[%emt 0:00:02]} 47. Qe1+ {[%emt 0:00:02]} Kd5 {[%emt 0:00:03]} 48. Qd2 {[%emt 0:00:01]} d3 {[%emt 0:00:01]} 49. Qxd3+ {[%emt 0:00:03]} Ke5 {[%emt 0:00:02]} 50. Qe3+ {[%emt 0:00:08]} Kd5 {[%emt 0:00:02]} 51. Rd7+ {[%emt 0:00:02]} Kc6 {[%emt 0:00:03]} 52. Qe6+ {[%emt 0:00:02]} Kc5 {[%emt 0:00:03]} 53. Rd5+ {[%emt 0:00:01]} Kc4 {[%emt 0:00:02]} 54. Qe4# {[%emt 0:00:00] Mate Mate} 1-0

[Event "OEISM 0818 BLMM"]
[Site "austriablmm"]
[Date "2020.12.12"]
[Round "1"]
[White "Matschi2006"]
[Black "gadoru"]
[Result "1-0"]
[WhiteElo "1711"]
[BlackElo "1722"]
[Annotator "NA RC"]
[PlyCount "123"]
[EventDate "2020.12.12"]
[EventType "blitz"]

1. d4 {[%emt 0:00:08]} Nf6 {[%emt 0:00:02]} 2. Nf3 {[%emt 0:00:07]} g6 {[%emt 0:00:01]} 3. g3 {[%emt 0:00:18]} Bg7 {[%emt 0:00:07]} 4. Bg2 {[%emt 0:00:01]} O-O {[%emt 0:00:02]} 5. O-O {[%emt 0:00:01]} d6 {[%emt 0:00:14]} 6. e3 {[%emt 0:01:02]} Nbd7 {[%emt 0:00:27]} 7. b3 {[%emt 0:00:30]} c6 {[%emt 0:00:15]} 8. Bb2 {[%emt 0:00:01]} Re8 {[%emt 0:00:08]} 9. c4 {[%emt 0:00:24]} Qc7 {[%emt 0:00:10]} 10. Nbd2 {[%emt 0:00:31]} e5 {[%emt 0:00:07]} 11. Qc2 {[%emt 0:00:10]} exd4 {[%emt 0:00:27]} 12. Bxd4 {[%emt 0:00:13]} Ne5 {[%emt 0:00:22]} 13. Nh4 {[%emt 0:01:37]} Qe7 {[%emt 0:02:01]} 14. h3 {[%emt 0:00:44]} Ned7 {[%emt 0:00:18]} 15. Rad1 {[%emt 0:00:33]} Nf8 {[%emt 0:00:18]} 16. Ba1 {[%emt 0:00:23]} Be6 {[%emt 0:00:14]} 17. Bb2 {[%emt 0:00:07]} Rad8 {[%emt 0:00:12]} 18. Ne4 {[%emt 0:00:47]} Nxe4 {[%emt 0:00:28]} 19. Bxg7 {[%emt 0:00:24]} Kxg7 {[%emt 0:00:12]} 20. Qxe4 {[%emt 0:00:05]} Kg8 {[%emt 0:00:18]} 21. Qd4 {[%emt 0:00:09]} a6 {[%emt 0:00:22]} 22. Nf3 {[%emt 0:00:03]} d5 {[%emt 0:00:27]} 23. cxd5 {[%emt 0:00:08]} Bxd5 {[%emt 0:00:13]} 24. Qc3 {[%emt 0:00:09]} Ne6 {[%emt 0:00:43]} 25. Ne5 {[%emt 0:00:48]} Bxg2 {[%emt 0:00:10]} 26. Kxg2 {[%emt 0:00:08]} Nc7 {[%emt 0:00:11]} 27. Ng4 {[%emt 0:00:10]} f6 {[%emt 0:01:37]} 28. Nxf6+ {[%emt 0:00:07]} Kf7 {[%emt 0:00:03]} 29. Nxe8 {[%emt 0:00:07]} Qxe8 {[%emt 0:00:14]} 30. Rxd8 {[%emt 0:00:03]} Qxd8 {[%emt 0:00:04]} 31. Qc4+ {[%emt 0:00:01]} Kf8 {[%emt 0:00:16]} 32. Qd4 {[%emt 0:00:06]} Qxd4 {[%emt 0:00:07]} 33. exd4 {[%emt 0:00:02]} Nd5 {[%emt 0:00:02]} 34. Kf3 {[%emt 0:00:08]} Kf7 {[%emt 0:00:04]} 35. Rc1 {[%emt 0:00:17]} Ke6 {[%emt 0:00:07]} 36. Ke4 {[%emt 0:00:03]} Nf6+ {[%emt 0:00:04]} 37. Kd3 {[%emt 0:00:14]} Nd5 {[%emt 0:00:03]} 38. a3 {[%emt 0:00:04]} Kd6 {[%emt 0:00:16]} 39. Re1 {[%emt 0:00:03]} Kd7 {[%emt 0:00:03]} 40. Kc4 {[%emt 0:00:05]} b6 {[%emt 0:00:11]} 41. Re5 {[%emt 0:00:06]} Nf6 {[%emt 0:00:04]} 42. a4 {[%emt 0:00:09]} Kd6 {[%emt 0:00:10]} 43. Kd3 {[%emt 0:00:18]} Kd7 {[%emt 0:00:06]} 44. Re3 {[%emt 0:00:07]} Kd6 {[%emt 0:00:02]} 45. Rf3 {[%emt 0:00:06]} Ke7 {[%emt 0:00:01]} 46. Re3+ {[%emt 0:00:15]} Kd6 {[%emt 0:00:01]} 47. f4 {[%emt 0:00:06]} Kd7 {[%emt 0:00:03]} 48. Re5 {[%emt 0:00:01]} Kd6 {[%emt 0:00:02]} 49. g4 {[%emt 0:00:02]} Kd7 {[%emt 0:00:02]} 50. f5 {[%emt 0:00:01]} gxf5 {[%emt 0:00:02]} 51. Rxf5 {[%emt 0:00:01]} Ke6 {[%emt 0:00:03]} 52. Rxf6+ {[%emt 0:00:12]} Kxf6 {[%emt 0:00:02]} 53. h4 {[%emt 0:00:01]} h6 {[%emt 0:00:02]} 54. Ke4 {[%emt 0:00:01]} b5 {[%emt 0:00:03]} 55. a5 {[%emt 0:00:03]} Ke6 {[%emt 0:00:02]} 56. b4 {[%emt 0:00:02]} Kf6 {[%emt 0:00:04]} 57. g5+ {[%emt 0:00:02]} hxg5 {[%emt 0:00:02]} 58. hxg5+ {[%emt 0:00:00]} Kxg5 {[%emt 0:00:02]} 59. Ke5 {[%emt 0:00:00]} Kg4 {[%emt 0:00:02]} 60. Kd6 {[%emt 0:00:01]} Kf4 {[%emt 0:00:01]} 61. Kxc6 {[%emt 0:00:01]} Ke4 {[%emt 0:00:02]} 62. d5 {[%emt 0:00:01] gadoru resigns} 1-0

[Event "OEISM 0818 BLMM"]
[Site "austriablmm"]
[Date "2020.12.12"]
[Round "1"]
[White "Jorei"]
[Black "Armin_Donner"]
[Result "1-0"]
[WhiteElo "1697"]
[BlackElo "1458"]
[Annotator "NA RC"]
[PlyCount "35"]
[EventDate "2020.12.12"]
[EventType "blitz"]

1. e4 {[%emt 0:00:03]} e5 {[%emt 0:00:02]} 2. Nf3 {[%emt 0:00:03]} Nf6 {[%emt 0:00:02]} 3. Nc3 {[%emt 0:00:04]} Nc6 {[%emt 0:00:03]} 4. Bc4 {[%emt 0:00:02]} Bc5 {[%emt 0:00:03]} 5. d3 {[%emt 0:00:08]} Ng4 {[%emt 0:00:05]} 6. O-O {[%emt 0:00:04]} O-O {[%emt 0:00:04]} 7. h3 {[%emt 0:00:04]} Nf6 {[%emt 0:00:04]} 8. Bg5 {[%emt 0:00:03]} h6 {[%emt 0:00:06]} 9. Bh4 {[%emt 0:00:02]} d6 {[%emt 0:00:09]} 10. Nd5 {[%emt 0:00:08]} Nd4 {[%emt 0:00:19]} 11. Nxf6+ {[%emt 0:00:18]} Kh8 {[%emt 0:00:12]} 12. Nd5 {[%emt 0:00:25]} Nxf3+ {[%emt 0:00:03]} 13. Qxf3 {[%emt 0:00:04]} Qe8 {[%emt 0:00:07]} 14. Qh5 {[%emt 0:00:46]} Bd4 {[%emt 0:00:42]} 15. c3 {[%emt 0:00:05]} Bc5 {[%emt 0:00:05]} 16. Bf6 {[%emt 0:00:09]} Qe6 {[%emt 0:00:16]} 17. Qxh6+ {[%emt 0:00:03]} Kg8 {[%emt 0:00:05]} 18. Qxg7# {[%emt 0:00:00] Mate Mate} 1-0

[Event "OEISM 0818 BLMM"]
[Site "austriablmm"]
[Date "2020.12.12"]
[Round "1"]
[White "OKli2120"]
[Black "Zsofia04"]
[Result "0-1"]
[WhiteElo "1681"]
[BlackElo "1784"]
[Annotator "NA RC"]
[PlyCount "90"]
[EventDate "2020.12.12"]
[EventType "blitz"]

1. e4 {[%emt 0:00:02]} c5 {[%emt 0:00:02]} 2. Nf3 {[%emt 0:00:02]} Nc6 {[%emt 0:00:04]} 3. c3 {[%emt 0:00:03]} d5 {[%emt 0:00:04]} 4. exd5 {[%emt 0:00:02]} Qxd5 {[%emt 0:00:01]} 5. d4 {[%emt 0:00:01]} Nf6 {[%emt 0:00:01]} 6. Be3 {[%emt 0:00:04]} cxd4 {[%emt 0:00:02]} 7. cxd4 {[%emt 0:00:02]} e6 {[%emt 0:00:00]} 8. Nc3 {[%emt 0:00:02]} Qd6 {[%emt 0:00:01]} 9. a3 {[%emt 0:00:02]} Be7 {[%emt 0:00:04]} 10. Bd3 {[%emt 0:00:04]} O-O {[%emt 0:00:02]} 11. O-O {[%emt 0:00:02]} b6 {[%emt 0:00:03]} 12. Qe2 {[%emt 0:00:02]} Bb7 {[%emt 0:00:02]} 13. Rad1 {[%emt 0:00:02]} Rac8 {[%emt 0:00:04]} 14. Rfe1 {[%emt 0:00:03]} Rfd8 {[%emt 0:00:03]} 15. Bb1 {[%emt 0:00:10]} Na5 {[%emt 0:00:47]} 16. Bg5 {[%emt 0:00:25]} Nc4 {[%emt 0:01:51]} 17. Ba2 {[%emt 0:00:07]} Bxf3 {[%emt 0:01:07]} 18. Qxf3 {[%emt 0:00:17]} Nxb2 {[%emt 0:00:04]} 19. Rd2 {[%emt 0:00:32]} Qxa3 {[%emt 0:00:23]} 20. Re3 {[%emt 0:00:25]} Rxc3 {[%emt 0:02:38]} 21. Rxc3 {[%emt 0:00:33]} Qxa2 {[%emt 0:00:02]} 22. Rc1 {[%emt 0:00:41]} Qa3 {[%emt 0:01:33]} 23. Bxf6 {[%emt 0:00:47]} gxf6 {[%emt 0:00:22]} 24. Qe2 {[%emt 0:00:27]} Nd3 {[%emt 0:00:55]} 25. Rcd1 {[%emt 0:01:01]} Nf4 {[%emt 0:00:05]} 26. Qg4+ {[%emt 0:00:14]} Ng6 {[%emt 0:00:01]} 27. h4 {[%emt 0:00:17]} f5 {[%emt 0:00:04]} 28. Qh5 {[%emt 0:00:31]} Bxh4 {[%emt 0:00:06]} 29. g3 {[%emt 0:00:26]} Bf6 {[%emt 0:00:06]} 30. Kg2 {[%emt 0:00:21]} Bg7 {[%emt 0:00:07]} 31. d5 {[%emt 0:00:28]} Rxd5 {[%emt 0:00:23]} 32. Rxd5 {[%emt 0:00:06]} exd5 {[%emt 0:00:01]} 33. Rxd5 {[%emt 0:00:01]} Qe7 {[%emt 0:00:03]} 34. Qxf5 {[%emt 0:00:20]} a5 {[%emt 0:00:06]} 35. Qc8+ {[%emt 0:00:13]} Bf8 {[%emt 0:00:09]} 36. Qc6 {[%emt 0:00:28]} Bg7 {[%emt 0:00:10]} 37. Rb5 {[%emt 0:00:14]} a4 {[%emt 0:00:04]} 38. Rxb6 {[%emt 0:00:07]} a3 {[%emt 0:00:01]} 39. Rb7 {[%emt 0:00:09]} Qe6 {[%emt 0:00:07]} 40. Qc8+ {[%emt 0:00:19]} Qxc8 {[%emt 0:00:04] OKli2120 offers a draw} 41. Ra7 {[%emt 0:00:06]} Nf8 {[%emt 0:00:02]} 42. Rxa3 {[%emt 0:00:02]} Qc6+ {[%emt 0:00:01]} 43. Kg1 {[%emt 0:00:02]} h6 {[%emt 0:00:00]} 44. Re3 {[%emt 0:00:03]} Qc1+ {[%emt 0:00:02]} 45. Kg2 {[%emt 0:00:02]} Bd4 {[%emt 0:00:00] OKli2120 resigns} 0-1

[Event "OEISM 0818 BLMM"]
[Site "austriablmm"]
[Date "2020.12.12"]
[Round "1"]
[White "Chachacha7"]
[Black "Alexander Hörfarter"]
[Result "1-0"]
[WhiteElo "1665"]
[BlackElo "1420"]
[Annotator "NA RC"]
[PlyCount "91"]
[EventDate "2020.12.12"]
[EventType "blitz"]

1. d4 {[%emt 0:00:03]} d5 {[%emt 0:02:22]} 2. Bf4 {[%emt 0:00:19]} Bf5 {[%emt 0:00:03]} 3. e3 {[%emt 0:00:05]} e6 {[%emt 0:00:03]} 4. c3 {[%emt 0:00:20]} c6 {[%emt 0:00:03]} 5. Nd2 {[%emt 0:00:07]} Nd7 {[%emt 0:00:03]} 6. Ngf3 {[%emt 0:00:03]} Ngf6 {[%emt 0:00:05]} 7. Be2 {[%emt 0:00:11]} Be7 {[%emt 0:00:06]} 8. h3 {[%emt 0:00:12]} h6 {[%emt 0:00:03]} 9. Ne5 {[%emt 0:00:05]} Ne4 {[%emt 0:00:10]} 10. O-O {[%emt 0:00:40]} O-O {[%emt 0:00:04]} 11. Nxe4 {[%emt 0:00:44]} Nxe5 {[%emt 0:00:03]} 12. Bxe5 {[%emt 0:00:20]} Bxe4 {[%emt 0:00:16]} 13. Bf3 {[%emt 0:00:16]} Bf6 {[%emt 0:00:02]} 14. Bxf6 {[%emt 0:00:30]} Bxf3 {[%emt 0:00:08]} 15. Bxd8 {[%emt 0:01:03]} Bxd1 {[%emt 0:00:04]} 16. Be7 {[%emt 0:00:33]} Be2 {[%emt 0:00:04]} 17. Bxf8 {[%emt 0:00:50]} Bxf1 {[%emt 0:00:12]} 18. Bxg7 {[%emt 0:00:22]} Bxg2 {[%emt 0:00:03]} 19. Kxg2 {[%emt 0:00:14]} Kxg7 {[%emt 0:00:24]} 20. Kf3 {[%emt 0:00:01]} Kf6 {[%emt 0:00:02]} 21. Rg1 {[%emt 0:00:02]} Rh8 {[%emt 0:00:04]} 22. Kf4 {[%emt 0:00:06]} Ke7 {[%emt 0:00:04]} 23. Ke5 {[%emt 0:00:10]} f6+ {[%emt 0:00:04]} 24. Kf4 {[%emt 0:00:01]} Kf7 {[%emt 0:00:01]} 25. e4 {[%emt 0:00:09]} Rg8 {[%emt 0:00:10]} 26. Rxg8 {[%emt 0:00:19]} Kxg8 {[%emt 0:00:00]} 27. exd5 {[%emt 0:00:31]} cxd5 {[%emt 0:00:11]} 28. Kg4 {[%emt 0:00:09]} Kg7 {[%emt 0:00:07]} 29. b3 {[%emt 0:00:12]} Kg6 {[%emt 0:00:04]} 30. c4 {[%emt 0:00:13]} dxc4 {[%emt 0:00:07]} 31. bxc4 {[%emt 0:00:01]} h5+ {[%emt 0:00:05]} 32. Kf4 {[%emt 0:00:04]} Kf7 {[%emt 0:00:06]} 33. Ke4 {[%emt 0:00:06]} Ke7 {[%emt 0:00:05]} 34. f4 {[%emt 0:00:03]} f5+ {[%emt 0:00:04]} 35. Ke5 {[%emt 0:00:06]} b6 {[%emt 0:00:07]} 36. d5 {[%emt 0:00:19]} exd5 {[%emt 0:00:02]} 37. Kxd5 {[%emt 0:00:01]} Kf6 {[%emt 0:00:02]} 38. a4 {[%emt 0:00:07]} Ke7 {[%emt 0:00:04]} 39. Ke5 {[%emt 0:00:12]} Kf7 {[%emt 0:00:03]} 40. Kxf5 {[%emt 0:00:02]} Kg7 {[%emt 0:00:03]} 41. Ke6 {[%emt 0:00:02]} Kf8 {[%emt 0:00:02]} 42. f5 {[%emt 0:00:01]} Ke8 {[%emt 0:00:12]} 43. f6 {[%emt 0:00:03]} Kf8 {[%emt 0:00:12]} 44. f7 {[%emt 0:00:01]} Kg7 {[%emt 0:00:03]} 45. Ke7 {[%emt 0:00:01]} Kg6 {[%emt 0:00:01]} 46. f8=Q {[%emt 0:00:01] Alexander Hörfarter resigns (Lag: Av=0.46s, max=0.6s)} 1-0